| 000 | 00679nam a2200217 i 4500 | ||
|---|---|---|---|
| 003 | DO-SdBNP | ||
| 005 | 20230427103403.0 | ||
| 006 | a||||gr|||| 00| 0 | ||
| 007 | ta | ||
| 008 | 230427e2004 dr ||||gr|||| 000 u spa d | ||
| 040 |
_aDO-SdBNP _bspa _cBNPHU _erda |
||
| 082 | 4 |
_222 _bS266q |
|
| 245 |
_a¿Qué es una iglesia bautista reformada?. / _cJim Savastio; traducción, Luis Simpson |
||
| 264 |
_aSanto Domingo : _bIglesia Bíblica de la Trinidad, _c2004 |
||
| 300 |
_a24 páginas : _c20 cm |
||
| 336 |
_2rdaconten _atexto _btxt |
||
| 337 |
_2rdamedia _asin medición _bn |
||
| 338 |
_2rdacarrier _avolumen _bnc |
||
| 700 | 1 |
_aSimpson, Luis, _etraductor _983304 |
|
| 942 |
_2ddc _cLBS1 |
||
| 999 |
_c53367 _d53367 |
||